000 00893nas a2200301 4500
001 BR2011003708
003 BR-BrBNA
005 20231205115026.0
007 ta
008 230509b bl.|||p| |||| 00| 00por d
040 _aBR-BrBNA
_bpor
_cBiblioteca Nacional de Agricultura
041 _a(Pt)
072 _aF62; H50
100 1 _aMarafon, A.C.
100 1 _aHawerroth, F.J.
100 1 _aHerter, F.G.
245 1 _aÉpoca e intensidade de ocorrência da necrose floral em gemas de pereira japonesa cultivar Housui durante o inverno
650 _aPERA
650 _aPYRUS COMMUNIS
650 _aFRIO
650 _aDORMÊNCIA
650 _aFLORAÇÃO
650 _aNECROSE
650 _aGEMA
773 0 _tAgropecuária Catarinense (Brazil)
_xISSN 0103-0779
_g(Mar 2010), v. 23(1) p. 64-68
_wBR2011003708
909 _a202311
_bLúcia
_c55
_dLúcia Elande
942 _2AGRIS
_n0
_cANA
999 _c211720
_d211720